Biggest Trading Partners - South Korea - Statistics

General Stats
  • This quiz has been taken 41 times
  • The average score is 24 of 29
Answer Stats
Exports Country % Correct
90.96 bil China
100%
76.43 bil China
100%
27.85 bil Japan
97%
60.51 bil Japan
97%
46.15 bil United States
97%
38.08 bil United States
97%
7.64 bil Indonesia
95%
11.16 bil Indonesia
95%
10.30 bil Germany
92%
14.39 bil Germany
92%
8.74 bil India
92%
6.41 bil India
92%
5.75 bil United Kingdom
92%
9.55 bil Russia
89%
8.28 bil Russia
89%
7.49 bil Vietnam
84%
9.78 bil Malaysia
79%
5.77 bil Brazil
76%
8.92 bil Mexico
76%
33.77 bil Saudi Arabia
76%
6.24 bil Netherlands
74%
16.05 bil Singapore
71%
8.21 bil Singapore
71%
8.21 bil Iran
66%
5.57 bil United Arab Emirates
66%
19.23 bil United Arab Emirates
66%
14.37 bil Qatar
53%
12.13 bil Kuwait
50%
5.69 bil Oman
42%
No matching quizzes found
Score Distribution
Percent of People with Each Score
Percentile by Number Answered
Your Score History
You have not taken this quiz